书目信息 |
| 书名: | Sport Marketing | |
| 作者: | Bernard J. Mullin,phD etc. | |
| 分册号: | ||
| 分册名: | 出版地: | CHARLOTTESVILLE : |
|
| 出版社: | Human Kinetics Pub | |
| 出版时间: | 1993. | |
| 页数: | 295 p. ; | |
| 开本: | 26cm. | |
| 丛书名: | ||
| 中图分类号: | ||
| 科图分类号: | ||
| 其他分类号: | 817.12 | |
| 主题词: | ||
| 电子资源: | ||
| 000 | 00411nam 2200145 a 4500 | |
| 001 | E0155781882 | |
| 005 | 2001121815294134 | |
| 008 | 011218s1993 00010 eng | |
| 020 | @a0-87322-449-3 :@cRMB 12.00. | |
| 040 | @aPFT@beng | |
| 090 | @a817.12 | |
| 099 | @d817.12@eM959 | |
| 245 | @aSport Marketing / @cBernard J. Mullin,phD etc. | |
| 260 | @aCHARLOTTESVILLE :@bHuman Kinetics Pub.,@c1993. | |
| 300 | @a295 p. ;@c26cm. | |
| Sport Marketing / / Bernard J. Mullin,phD etc.-CHARLOTTESVILLE : : Human Kinetics Pub., , 1993. |
| 295 p. ; ; 26cm. |
| ISBN 0-87322-449-3 :RMB 12.00. |
| ● |
| 相关链接 |
|
|
|
正题名:Sport Marketing
索取号:817.12/M959
 
预约/预借
| 序号 | 登录号 | 条形码 | 馆藏地/架位号 | 状态 | 备注 |
| 1 | 0745 | 300007454 | 外文书库/401自科库 22排2列1层/ [索取号:817.12/M959] | 在馆 |